Welcome to University of Cape Coast Library, Online Public Access Catalogue (OPAC)

Successful project management / (Record no. 32106)

MARC details
000 -LEADER
fixed length control field 01093cam a22003134a 4500
001 - CONTROL NUMBER
control field 14089357
005 - DATE AND TIME OF LATEST TRANSACTION
control field 20220304164612.0
008 - FIXED-LENGTH DATA ELEMENTS--GENERAL INFORMATION
fixed length control field 050826s2006 ohua b 001 0 eng
010 ## - LIBRARY OF CONGRESS CONTROL NUMBER
LC control number 2005932999
020 ## - INTERNATIONAL STANDARD BOOK NUMBER
International Standard Book Number 0324224281 (hbk.)
020 ## - INTERNATIONAL STANDARD BOOK NUMBER
International Standard Book Number 0324321783 (CDROM)
040 ## - CATALOGING SOURCE
Original cataloging agency DLC
Transcribing agency DLC
Modifying agency DLC
042 ## - AUTHENTICATION CODE
Authentication code pcc
050 00 - LIBRARY OF CONGRESS CALL NUMBER
Classification number HD69.P75
Item number G53 2006
082 00 - DEWEY DECIMAL CLASSIFICATION NUMBER
Classification number 658.4/04
Edition number 22
100 1# - MAIN ENTRY--PERSONAL NAME
Personal name Gido, Jack,
Dates associated with a name 1945-
9 (RLIN) 64517
245 10 - TITLE STATEMENT
Title Successful project management /
Statement of responsibility, etc. Jack Gido & James P. Clements.
250 ## - EDITION STATEMENT
Edition statement 3rd ed.
260 ## - PUBLICATION, DISTRIBUTION, ETC.
Place of publication, distribution, etc. Mason, OH :
Name of publisher, distributor, etc. Thomson/South-Western,
Date of publication, distribution, etc. c2006
300 ## - PHYSICAL DESCRIPTION
Extent xviii, 462 p. :
Other physical details ill. ;
Dimensions 27 cm. +
Accompanying material 2 CD-ROM (4 3/4 in.)
504 ## - BIBLIOGRAPHY, ETC. NOTE
Bibliography, etc. note Includes bibliographical references and index.
650 #0 - SUBJECT ADDED ENTRY--TOPICAL TERM
Topical term or geographic name entry element Project management.
9 (RLIN) 5013
700 1# - ADDED ENTRY--PERSONAL NAME
Personal name Clements, James P.
9 (RLIN) 64518
856 41 - ELECTRONIC LOCATION AND ACCESS
Materials specified Table of contents
Uniform Resource Identifier <a href="http://www.loc.gov/catdir/toc/fy0606/2005932999.html">http://www.loc.gov/catdir/toc/fy0606/2005932999.html</a>
906 ## - LOCAL DATA ELEMENT F, LDF (RLIN)
a 7
b cbc
c origcop
d 3
e epcn
f 20
g y-gencatlg
942 ## - ADDED ENTRY ELEMENTS (KOHA)
Koha item type Books
Holdings
Lost status Collection code Home library Shelving location Date acquired Total Checkouts Full call number Barcode Date last seen Date last checked out Koha item type
  Open UCC Main Library   08/07/2019 1 HD69.P75G36 30261101456210 10/04/2019 09/19/2019 Books
Koha©2022 UCC.All Right Reserved.Site Developed by Sam Jonah Library IT Team
<Home | Contact | Library publications |Research Tools | Research Guides |https://ucclivechat.library-gh.net/index.php/chat

If you have questions or concern please contact the Library.



PMB, University of Cape Coast

KOHA HOME